000 00692nam a2200205Ia 4500
008 240729s9999 xx 000 0 und d
022 _a1690-4524
245 0 _aJournal of Systemics, Cybernetics and Informatics
260 _aUnited States
260 _bInternational Institute of Informatics and Cybernetics
650 _a Communication. Mass media
650 _a Industrial engineering. Management engineering
650 _a Information technology | Language and Literature
650 _a Philology. Linguistics
650 _a Technology (General)
650 _aTechnology
856 _uhttps://doaj.org/toc/c213a0afde1d4831af1f25ea3b823a12
942 _2ddc
942 _cDOAJEJ
999 _c70842
_d70842
945 _a1
_bMadushi Gamage
_c1
_dMadushi Gamage